000 00747nam a2200265Ia 4500
003 OSt
005 20221007101337.0
006 a|||||r|||| 00| 0
007 ta
008 221006b |||||||| |||| 00| 0 eng d
024 _a6,283
037 _cReference Collections
040 _aLCO
_cLCO
_beng
041 _2eng
_aeng
082 _aZv2,A, L0
100 _aJain B.S.
245 0 _aAdministration of Justice in 17th Century India. Foreword by Dr. A.L. Srivastava
250 _a1st
260 _aDelhi
_bM. B. Co.
_c1970
300 _a153
500 _aA Study of Salient Concepts of Mughal Justice
650 _aADMINISTRATION
942 _hZv2,A, L0
_cREF
999 _c1175846
_d1175846